| 000 | 00637cam a2200217 a 4500 | ||
|---|---|---|---|
| 001 | 1387303 | ||
| 005 | 20180209073649.0 | ||
| 008 | 820119s1982 maua 001 0 eng | ||
| 010 | _a 82001124 | ||
| 020 |
_a084362258X (hard) : _c$19.95 |
||
| 020 |
_a0843622601 (pbk.) : _c$12.95 |
||
| 040 |
_aDLC _cDLC _dDLC |
||
| 041 | _aeng | ||
| 080 | _a745.924 mar | ||
| 082 | 0 | 0 |
_a745.924 mar _219 |
| 100 | 1 | _a9. | |
| 101 | _amje | ||
| 245 | 1 | 4 |
_aThe final touch : _cMargo Kokko ; [illustrator, Buzz Gorder ; photographer, Bruce Beauchamp]. |
| 906 |
_a7 _bcbc _corignew _d1 _eocip _f19 _gy-gencatlg |
||
| 942 |
_2ddc _cBK |
||
| 999 |
_c42267 _d42267 |
||